| 000 | 01034nam0a2200289 4500 | ||
|---|---|---|---|
| 001 | RU\NLR\ONL2\10644 | ||
| 005 | 20250613130904.0 | ||
| 010 |
_a5-7608-0513-4 _9300 |
||
| 035 | _a(NLR Aleph) 009658233 | ||
| 090 |
_a9600677 _c9600677 |
||
| 100 | _a20080904d2006 |||y0rusy50 ca | ||
| 101 | 0 | _aady | |
| 102 | _aRU | ||
| 105 | _ac ||||||||| | ||
| 200 | 1 |
_aЛIэшIэгъуитIум ялъэмыдж _eусэхэр _fХъунэгъо Саида |
|
| 210 |
_aМыекъуапэ _cАдыгэ Респ. итхылъ тедзапI _d2006 |
||
| 215 |
_a175 с., [1] л. портр. _d17 |
||
| 541 | 1 |
_6z01790 _aМост между двумя веками _eстихотворения _zrus |
|
| 686 | 1 | _aШ6(2=Адыг)7-5 | |
| 700 | 1 |
_aХъунэго _bС. _f1961- _gСаида _4070 |
|
| 790 | 1 |
_6z01541 _aХунагова _bС. А. _f1961- _gСаида Ахмедовна _4070 |
|
| 801 | 0 |
_aRU _bNLR _c20080904 _gPSBO |
|
| 852 |
_aNLR _bОНЛ _jАдыг./2-1029 |
||
| 942 | _cBOOK | ||
| 980 | _aNB | ||
| 980 | _aONL_RF | ||